000 01042nam a2200301Ia 4500
005 20220317001009.0
008 160825s2008 ck a g 000 0 spa
020 _a97895804127012
100 1 _aMuzi, Jean
245 1 0 _aDiecisiete fábulas del rey león
_cJean Muzi ; traducido por Gabriela Arciniégas ; ilustrado por Ivar Da Coll
250 _a1a. edición
300 _a99 páginas
_bilustraciones en blanco y negro
_c19 cm
490 _aTorre de papel
_pazul
534 _tDix-neuf fables du roi lion
650 1 4 _2LEMB
_aCuentos infantiles marroquies
650 1 4 _2LEMB
_aLiteratura infantil marroquí
650 1 4 _2LEMB
_aLeones en la literatura
650 1 4 _2LEMB
_aFabulas marroquies
700 1 _aDa Coll, Ivar, 1962-
_9387
700 1 _aArciniegas, Gabriela
_964134
942 _2loc
_cBKINF
264 _aBogotá
_bNorma
_c2008
336 _atexto
_btxt
_2rdacontent
337 _asin mediación
_bn
_2rdamedia
338 _avolumen
_bnc
_2rdacarrier
040 _aCO-BoRNBP
_bspa
_erda
_cCO-BoRNBP
084 _aC MUZ1
999 _c5620
_d5620